Dbase III plus for the programmer

Bibliographic Details
Main Author: Dinerstein, Nelson T.
Format: Book
Published: Glenview : Scott Foresman , 1987
Subjects:

MARC

LEADER 00000cam a2200000 7i4500
001 0000009418
005 20161018.0
020 |a 0673188353 
040 |a INS 
090 0 0 |a QA76.9.D3   |b D544 1987 
100 1 |a Dinerstein, Nelson T. 
245 1 0 |a Dbase III plus for the programmer   |c by Nelson T. Dinerstein 
260 |a Glenview :   |b Scott Foresman ,   |c 1987 
300 |a xiv, 637p ;   |c 24cm. 
650 0 0 |a Dbase 111 plus (Computer file) 
999 |a 0000023956   |b BOOK   |c Open Shelf   |e Default branch